LEADER 02238nam 2200649Ia 450 001 9910455106803321 005 20200520144314.0 010 $a1-4384-2744-1 010 $a1-4416-2971-8 035 $a(CKB)1000000000817771 035 $a(EBL)3408208 035 $a(SSID)ssj0000339993 035 $a(PQKBManifestationID)11231964 035 $a(PQKBTitleCode)TC0000339993 035 $a(PQKBWorkID)10386851 035 $a(PQKB)11635481 035 $a(MiAaPQ)EBC3408208 035 $a(OCoLC)469186918 035 $a(MdBmJHUP)muse13992 035 $a(Au-PeEL)EBL3408208 035 $a(CaPaEBR)ebr10588757 035 $a(EXLCZ)991000000000817771 100 $a20081107d2009 uy 0 101 0 $aeng 135 $aur|n|---||||| 181 $ctxt 182 $cc 183 $acr 200 10$aMaimonides' cure of souls$b[electronic resource] $emedieval precursor of psychoanalysis /$fDavid Bakan, Dan Merkur and David S. Weiss 210 $aAlbany $cSUNY Press$dc2009 215 $a1 online resource (211 p.) 300 $aDescription based upon print version of record. 311 $a1-4384-2745-X 320 $aIncludes bibliographical references and index. 327 $aThe will to illness -- Worship of the heart -- Imagination and the interpretation of prophecy -- Perplexity and the world to come -- Secrets of the law -- Maimonides' psychotherapy client population -- Convergences of Maimonides and Freud. 606 $aJudaism and psychoanalysis 606 $aPsychotherapy$xReligious aspects$xJudaism 606 $aSoul$xJudaism 606 $aMeditation$xJudaism 606 $aProphecy$xJudaism 608 $aElectronic books. 615 0$aJudaism and psychoanalysis. 615 0$aPsychotherapy$xReligious aspects$xJudaism. 615 0$aSoul$xJudaism. 615 0$aMeditation$xJudaism. 615 0$aProphecy$xJudaism. 676 $a296.3/71 700 $aBakan$b David$0468321 701 $aMerkur$b Daniel$0919796 701 $aWeiss$b David S$g(David Solomon),$f1953-$0969909 801 0$bMiAaPQ 801 1$bMiAaPQ 801 2$bMiAaPQ 906 $aBOOK 912 $a9910455106803321 996 $aMaimonides' cure of souls$92445397 997 $aUNINA LEADER 01329nam 2200349 450 001 9910476795503321 005 20230512054010.0 035 $a(CKB)5470000000566591 035 $a(NjHacI)995470000000566591 035 $a(EXLCZ)995470000000566591 100 $a20230512d1997 uy 0 101 0 $aeng 135 $aur||||||||||| 181 $ctxt$2rdacontent 182 $cc$2rdamedia 183 $acr$2rdacarrier 200 10$aPopular Dictionary of Hinduism /$fKarel Werner 210 1$a[Place of publication not identified] :$cTaylor & Francis,$d1997. 215 $a1 online resource 311 $a1-135-79748-X 327 $aA NOTE ON THE PRONUNCIATION OFTHE SANSKRIT ALPHABET, -- INTRODUCTION, -- Listings from Abhasvaras to Zodiac. 330 $aA multi-purpose reference work which should become an indispensable companion for anybody who comes into touch with Hinduism. Includes a dictionary of Sanskrit and vernacular terms; a glossary of terms and concepts; and a survey of the historical development of Hinduism. 606 $aHinduism$vDictionaries 615 0$aHinduism 676 $a294.503 700 $aWerner$b Karel$01261812 801 0$bNjHacI 801 1$bNjHacl 906 $aBOOK 912 $a9910476795503321 996 $aPopular Dictionary of Hinduism$93363848 997 $aUNINA